High Court Miscellaneous Cause No. 38 of 1981 In the matter of the Adoption of Children Act and In the matter of Ben Kafeero- An Infant. (Record no. 4650)
[ view plain ]
| 000 -LEADER | |
|---|---|
| fixed length control field | 00473nam a22001097a 4500 |
| 008 - FIXED-LENGTH DATA ELEMENTS--GENERAL INFORMATION | |
| fixed length control field | 110708t xxu||||| |||| 00| 0 eng d |
| 010 ## - LIBRARY OF CONGRESS CONTROL NUMBER | |
| LC control number | HMACF-132 |
| 245 ## - TITLE STATEMENT | |
| Title | High Court Miscellaneous Cause No. 38 of 1981 In the matter of the Adoption of Children Act and In the matter of Ben Kafeero- An Infant. |
| 260 ## - PUBLICATION, DISTRIBUTION, ETC. (IMPRINT) | |
| Date of publication, distribution, etc | 1981 |
| 500 ## - GENERAL NOTE | |
| General note | Before: The Hon. Mr. Ag. Justice A.N. Karokora |
| Withdrawn status | Lost status | Source of classification or shelving scheme | Damaged status | Koha normalized classification for sorting | Not for loan | Location (home branch) | Sublocation or collection (holding branch) | Shelving location | Date acquired | Koha issues (times borrowed) | Koha full call number | Piece designation (barcode) | Koha date last seen | Price effective from | Koha item type |
|---|---|---|---|---|---|---|---|---|---|---|---|---|---|---|---|
| Dewey Decimal Classification | HCMCF_132 | Law Development Centre Main Library | Law Development Centre Main Library | Law Reports | 07/08/2011 | HCMCF132 | 38/1981/1 | 07/08/2011 | 07/08/2011 | Un Reported Cases |
